Effect of different fertilizer rate on sen pidao rice at chher teal village prek anchanh comune mokampol district kandal province,(ឥទ្ធិពលកំរិតជីផ្សេងៗគ្នាទៅលើពូជស្រូវសែនពិដោរនៅភូមិឈើទាល ឃុំព្រែកអញ្ចាញ ស្រុកមុខកំពូល ខេត្តកណ្ដាល) (Record no. 1094)

000 -LEADER
fixed length control field 00777nam a22001577a 4500
003 - CONTROL NUMBER IDENTIFIER
control field OSt
005 - DATE AND TIME OF LATEST TRANSACTION
control field 20150922164445.0
008 - FIXED-LENGTH DATA ELEMENTS--GENERAL INFORMATION
fixed length control field 150922b xxu||||| |||| 00| 0 eng d
040 ## - CATALOGING SOURCE
Transcribing agency RUA
082 ## - DEWEY DECIMAL CLASSIFICATION NUMBER
Classification number AGR CHE 2007 B035 Or.1
100 ## - MAIN ENTRY--PERSONAL NAME
9 (RLIN) 1143
Personal name CHEA SORN
245 ## - TITLE STATEMENT
Title Effect of different fertilizer rate on sen pidao rice at chher teal village prek anchanh comune mokampol district kandal province,(ឥទ្ធិពលកំរិតជីផ្សេងៗគ្នាទៅលើពូជស្រូវសែនពិដោរនៅភូមិឈើទាល ឃុំព្រែកអញ្ចាញ ស្រុកមុខកំពូល ខេត្តកណ្ដាល)
260 ## - PUBLICATION, DISTRIBUTION, ETC. (IMPRINT)
Place of publication, distribution, etc. phnom penh
Name of publisher, distributor, etc. RUA
Date of publication, distribution, etc. 2007
300 ## - PHYSICAL DESCRIPTION
Extent xiv,56p.
Dimensions ill.
Size of unit 29cm.
942 ## - ADDED ENTRY ELEMENTS (KOHA)
Source of classification or shelving scheme
Koha item type AGR
Holdings
Price effective from Date last seen Permanent Location Not for loan Date acquired Source of classification or shelving scheme Koha item type Shelving location Barcode Lost status Damaged status Withdrawn status Current Location Full call number
2015-09-222015-09-22Library Block B 2015-09-22 AGR RUA002719   Library Block BAGR CHE 2007 B035 Or.1
2018-12-242018-12-24Library Block B 2018-12-24 AGRB1.194A41255   Library Block BAGR CHE 2007 B1.194 Or.1
2019-01-212019-01-21Library Block B 2019-01-21 AGRB1.210A40509   Library Block BAGR CHE 2007 B1.210 Or.2
មជ្ឈមណ្ឌលឯការនៃសាកលវិទ្យាល័យភូមិន្ទកសិកម្មចំការដូង

Powered by Koha